Planeamiento tributario 2020, 2021 y 2022 en el contexto de la pandemia del covid-19 (Registro nro. 20760)
[ vista simple ]
| 000 -Cabecera | |
|---|---|
| Campo de control interno | 01049nam a2200229Ia 4500 |
| 005 - Fecha y hora del registro | |
| control field | 20260331173109.0 |
| 008 - Elementos de Longitud Fija | |
| fixed length control field | 260306t2020||||xx |||||||||||||| ||spa|| |
| 041 ## - Idioma | |
| Codigo Idioma | ESP |
| 082 ## - DEWEY y NOTACIÓN INTERNA | |
| Dewey | 343.8 |
| Notación Interna | A47P |
| 100 ## - AUTOR | |
| Autor denominación | Alva Matteucci, Mario, |
| Término de relación | autor |
| 245 #0 - TÍTULO DE MATERIAL BIBLIOGRÁFICO | |
| Título | Planeamiento tributario 2020, 2021 y 2022 en el contexto de la pandemia del covid-19 |
| 260 ## - CIUDAD, EDITORIAL, AÑO | |
| Año | 2020 |
| 300 ## - DESCRIPCIÓN | |
| N° Páginas | 478 páginas : |
| 650 ## - TEMAS | |
| Temas | Generalidades |
| 654 ## - PROGRAMAS | |
| Programa | Dpto. de Derecho y Ciencia Política |
| 856 ## - URL - UBICACIÓN | |
| URI/URL: Enlace exacto del recurso | <a href="https://itmsp.museknowledge.com/UCSP?url=https://www.ebooks7-24.com:443/?il=14626&pg=1">https://itmsp.museknowledge.com/UCSP?url=https://www.ebooks7-24.com:443/?il=14626&pg=1</a> |
| Nota pública: Versión digital | <a href="Véase además: Estatuto tributario 2021: contextualizado NIF y medidas por la pandemia. Nómina electrónica. Versión digital">Véase además: Estatuto tributario 2021: contextualizado NIF y medidas por la pandemia. Nómina electrónica. Versión digital</a> |
| 856 ## - URL - UBICACIÓN | |
| URI/URL: Enlace exacto del recurso | <a href="https://0u213uupk-y-https-ebooks7--24-com.itmsp.museknowledge.com/biblioteca.aspx">https://0u213uupk-y-https-ebooks7--24-com.itmsp.museknowledge.com/biblioteca.aspx</a> |
| Nota pública: Versión digital | <a href="Véase además: Base de datos Ebook7-24">Véase además: Base de datos Ebook7-24</a> |
| 856 ## - URL - UBICACIÓN | |
| URI/URL: Enlace exacto del recurso | <a href="https://www.legismovil.pe/lnp.asp">https://www.legismovil.pe/lnp.asp</a> |
| Nota pública: Versión digital | <a href="Véase además: Base de datos Legis Móvil">Véase además: Base de datos Legis Móvil</a> |
| 856 ## - URL - UBICACIÓN | |
| URI/URL: Enlace exacto del recurso | <a href="https://itmsp.museknowledge.com/UCSP?groupID=2">https://itmsp.museknowledge.com/UCSP?groupID=2</a> |
| Nota pública: Versión digital | <a href="Véase además: Base de datos Contadores 360">Véase además: Base de datos Contadores 360</a> |
| 942 ## - ELEMENTOS DE KOHA | |
| Tipo de documento | Libro |
| Nombre del creador | Justo Noguera |
| Código de catalogador | Justo Noguera |
| Esquema de clasificación | Dewey Decimal Classification |
| Codigo completo | Registro | Colección | Copia número | Disponibilidad | Tipo de préstamo | Biblioteca Actual | Procedencia (Biblioteca) | Ubicacón | Fecha Ingreso | Tipo de Adquisición | Date last seen | Total checkouts | Price effective from | Tipo de Item | Estado del Material | Fuente de Clasificación | Damaged status | Withdrawn status |
|---|---|---|---|---|---|---|---|---|---|---|---|---|---|---|---|---|---|---|
| 343.8 A47P | 1073393 | Universidad Católica San Pablo | 1 | Disponible | Disponible | Víctor Andrés Belaunde | Víctor Andrés Belaunde | Primer piso | 03/06/2026 | Suscripción | 06/03/2026 | 06/03/2026 | Libro | Bueno | Dewey Decimal Classification |




